College Quizbowl Stats
College Quizbowl Stats
Circuits
Seasons
Sets
Records
Detailed Stats
About
Loading...
2024 ACF Winter at Clemson
Tossups
Bonuses
Players
Teams
Categories (Tossup)
Categories (Bonus)
Jeffrey Xu
Georgia Tech B
Categories
Category
Powers
Gets
Negs
BBs
Points
Earliest Buzz
Avg. Buzz
First Buzzes
Top 3 Buzzes
Fine Arts - Classical Music
0
1
0
0
10
76
76.00
0
1
Fine Arts - Other Fine Arts
0
1
0
0
10
82
82.00
0
1
Geography/Current Events
0
1
0
0
10
72
72.00
1
1
Mythology
0
1
0
0
10
91
91.00
0
1
Buzzes
Category
Answer
Value
Buzz Position
Geography/Current Events
South China Sea
10
72
Fine Arts - Classical Music
sheet music
10
76
Fine Arts - Other Fine Arts
Czechia
10
82
Mythology
werewolves
10
91
Previous
1
Next